000 00707nam a22002297a 4500
999 _c1154
_d1154
001 1154
003 BD-JhCC
005 20171031201544.0
008 171015s1981 bg ||||| |||| 00| 0 ben d
020 _a9841315688
035 _a(BD-JhCC)1154
040 _aBD-JhCC
_dBD-JhCC
041 _aben
082 _a500
_bMUT 1981
100 _aমুতী, আবদুল্লাহ আল
245 _aএ যুগের বিজ্ঞান /
_cআবদুল্লাহ আল মুতী
260 _aঢাকাঃ
_bমুক্তধারা প্রকাশনী,
_c1981
300 _a144 p. :
_c21 cm.
650 _aScience
_xJuvenile literature.
942 _2ddc
_cBK